000 00570nam a2200205Ia 4500
003 GCL
008 140319s9999 xx 000 0 eng d
020 _a1857150910
040 _aGCL /
_cGCL
082 0 4 _a822.33
_bS S
100 1 _aSHAKESPEARE, WILLIAM
245 1 0 _aTHE SONNETS AND NARRATIVE POEMS /
_cSHAKESPEARE, WILLIAM
260 _aانجلترا :
_bEVERYMAN'S LIBRARY ،
_c1992
300 _a22 CM ؛
_c248 P
650 0 4 _aENGLISH LITERATURE
650 0 4 _aSHAKESPEARE, WILLIAM
650 0 4 _aENGLISH POEMS
650 0 4 _aSONNET, ENGLISH
942 _2ddc
_cBK
999 _c2770
_d2770